| 000 | 00400nam a2200169Ia 4500 | ||
|---|---|---|---|
| 005 | 20140402150134.0 | ||
| 008 | 140130s9999 xx 000 0 und d | ||
| 050 |
_aPZ 7 _b.C12Ju 1991 |
||
| 245 |
_cCaines, Jeannette _aJust us women |
||
| 260 | _bScholastic, | ||
| 300 |
_a32 p. : _bcol. ill. ; _c21 cm. |
||
| 440 | _v1 | ||
| 521 | _aG4 | ||
| 526 | _c610 | ||
| 942 |
_cBK _2lcc |
||
| 999 |
_c40776 _d40776 |
||